[Event "St Chely d'Aubrac op 10th"]
[Site "St Chely d'Aubrac"]
[Date "2010.07.16"]
[Round "8"]
[White "Moulie, Patrick"]
[Black "Neff, Thomas"]
[Result "1-0"]
[WhiteElo "1639"]
[BlackElo "1660"]
[PlyCount "129"]
[EventDate "2010.07.10"]
[EventType "swiss"]
[EventRounds "9"]
[EventCountry "FRA"]
[SourceTitle "CBM 137 Extra"]
[Source "ChessBase"]
[SourceDate "2010.09.01"]
[SourceVersion "1"]
[SourceVersionDate "2010.09.01"]
[SourceQuality "1"]

1. e4 e5 2. f4 d6 3. Nf3 Nc6 4. Bc4 Bg4 5. c3 Nf6 6. d3 Na5 7. Bb5+ c6 8. Ba4 b5 9. Bc2 Be7 10. a4 a6 11. axb5 axb5 12. b4 Nb7 13. Rxa8 Qxa8 14. 0-0 Qa7+ 15. Kh1 0-0 16. h3 Bxf3 17. Qxf3 h6 18. g4 Nh7 19. fxe5 dxe5 20. Be3 Qa2 21. Qd1 Qe6 22. Bb3 Qd7 23. Qe2 Nd8 24. Nd2 Ne6 25. Nf3 f6 26. d4 Bd6 27. d5 cxd5 28. Bxd5 Re8 29. Nh4 Nhf8 30. Nf5 Kh8 31. h4 Ng6 32. h5 Ngf4 33. Qd2 Rd8 34. Rd1 Bc7 35. Nh4 Kh7 36. Bxe6 Qxd2 37. Bf5+ Kh8 38. Rxd2 Rxd2 39. Bxd2 Nd3 40. Kg2 Nb2 41. Bd7 Nc4 42. Bc1 Nd6 43. Kf3 Kg8 44. Nf5 Nb7 45. Bxb5 Kf7 46. c4 Nd6 47. Nxd6+ Bxd6 48. c5 Bc7 49. Ba3 Ke6 50. Bc4+ Kd7 51. b5 Kc8 52. b6 Bd8 53. Bd5 Be7 54. Ke3 Kb8 55. Kd3 Kc8 56. Kc4 Kb8 57. Kb5 Kc8 58. Bb4 Kd7 59. c6+ Kd8 60. c7+ Kd7 61. Be6+ Kxe6 62. c8Q+ Kf7 63. Bxe7 Kxe7 64. Kc5 Kf7 65. b7 1-0

[Event "St Chely d'Aubrac op 10th"]
[Site "St Chely d'Aubrac"]
[Date "2010.07.12"]
[Round "3"]
[White "Neff, Thomas"]
[Black "Kirchhoff, Matthieu"]
[Result "1-0"]
[WhiteElo "1660"]
[BlackElo "1581"]
[PlyCount "57"]
[EventDate "2010.07.10"]
[EventType "swiss"]
[EventRounds "9"]
[EventCountry "FRA"]
[SourceTitle "CBM 137 Extra"]
[Source "ChessBase"]
[SourceDate "2010.09.01"]
[SourceVersion "1"]
[SourceVersionDate "2010.09.01"]
[SourceQuality "1"]

1. e4 c5 2. Nf3 Nc6 3. d4 cxd4 4. Nxd4 e5 5. Nb3 d6 6. Nc3 Be6 7. f3 Nge7 8. Be2 f5 9. Be3 f4 10. Bf2 Ng6 11. g3 Be7 12. Qd3 0-0 13. 0-0-0 a6 14. a3 Bxb3 15. cxb3 Na5 16. Kb1 Nxb3 17. Qd5+ Kh8 18. Qxb3 b5 19. Nd5 Rb8 20. Nxe7 Nxe7 21. Be1 b4 22. Qd3 bxa3 23. Qxa3 Qc7 24. Qxd6 Qb7 25. Bc3 Rfc8 26. Qxe5 Ng6 27. Qd4 Qc7 28. Rc1 Qb7 29. Bxa6 1-0

[Event "St Chely d'Aubrac op 10th"]
[Site "St Chely d'Aubrac"]
[Date "2010.07.10"]
[Round "1"]
[White "Neff, Thomas"]
[Black "Nass, Emile"]
[Result "0-1"]
[WhiteElo "1660"]
[BlackElo "2248"]
[PlyCount "62"]
[EventDate "2010.07.10"]
[EventType "swiss"]
[EventRounds "9"]
[EventCountry "FRA"]
[SourceTitle "CBM 137 Extra"]
[Source "ChessBase"]
[SourceDate "2010.09.01"]
[SourceVersion "1"]
[SourceVersionDate "2010.09.01"]
[SourceQuality "1"]

1. e4 e6 2. d4 d5 3. Nd2 Be7 4. e5 c5 5. c3 Nc6 6. Ne2 f6 7. f4 Nh6 8. Nf3 0-0 9. Be3 Nf5 10. Bf2 fxe5 11. fxe5 Qb6 12. Qb3 Na5 13. Qxb6 axb6 14. Ng3 Nxg3 15. Bxg3 Nb3 16. Rb1 Rxa2 17. Nd2 Nxd2 18. Kxd2 c4 19. Be2 Bd7 20. Ke3 Bg5+ 21. Bf4 Bxf4+ 22. Kf2 Bxe5+ 23. Bf3 Bd6 24. Rhe1 b5 25. h3 b4 26. Re2 b5 27. Rbe1 bxc3 28. bxc3 Rfa8 29. Bg4 b4 30. Kf3 Rxe2 31. Rxe2 Rf8+ 0-1